Skills for engineering and built environment students : (Record no. 121338)
[ view plain ]
| 000 -LEADER | |
|---|---|
| fixed length control field | 01012nam a2200313 i 4500 |
| 001 - CONTROL NUMBER | |
| control field | 020573545 |
| 005 - DATE AND TIME OF LATEST TRANSACTION | |
| control field | 20230125154826.0 |
| 008 - FIXED-LENGTH DATA ELEMENTS--GENERAL INFORMATION | |
| fixed length control field | 230125s2016 enka 001|0 eng d |
| 020 ## - INTERNATIONAL STANDARD BOOK NUMBER | |
| ISBN | 9781137404213 |
| Qualifying information | paperback |
| 041 ## - LANGUAGE CODE | |
| Language code of text/sound track or separate title | eng |
| 082 04 - DEWEY DECIMAL CLASSIFICATION NUMBER | |
| Classification number | 620.00711 |
| 100 1# - MAIN ENTRY--PERSONAL NAME | |
| Personal author | Davies, John W., |
| Relator term | author. |
| 245 10 - TITLE STATEMENT | |
| Title | Skills for engineering and built environment students : |
| Subtitle | university to career / |
| Statement of responsibility, etc | John W. Davies. |
| 264 #1 - PRODUCTION, PUBLICATION, DISTRIBUTION, MANUFACTURE, AND COPYRIGHT NOTICE | |
| Place of production, publication, distribution, manufacture | Basingstoke, Hampshire : |
| Name of producer, publisher, distributor, manufacturer | Palgrave Macmillan, |
| Date of production, publication, distribution, manufacture, or copyright notice | 2016. |
| 264 #4 - PRODUCTION, PUBLICATION, DISTRIBUTION, MANUFACTURE, AND COPYRIGHT NOTICE | |
| Date of production, publication, distribution, manufacture, or copyright notice | ©2016 |
| 300 ## - PHYSICAL DESCRIPTION | |
| Physical description | viii, 182 pages : |
| Other physical details | illustrations (black and white, and colour) ; |
| Dimensions | 24 cm |
| 504 ## - BIBLIOGRAPHY, ETC. NOTE | |
| Bibliography, etc | Includes bibliographical references and index. |
| 521 ## - TARGET AUDIENCE NOTE | |
| Target audience note | Student |
| 650 #0 - KEYWORDS | |
| Keywords | Built Environment |
| 650 #0 - KEYWORDS | |
| Keywords | Engineering |
| 651 ## - SUBJECT ADDED ENTRY--GEOGRAPHIC NAME | |
| Geographic name | United Kingdom |
| 690 ## - BROAD SUBJECT | |
| 9 (RLIN) | 6307 |
| Broad subject | Built Environment |
| 942 ## - ADDED ENTRY ELEMENTS (KOHA) | |
| Suppress in OPAC | Do not suppress in OPAC |
| 336 ## - CONTENT TYPE | |
| Content type term | text |
| Source | rdacontent |
| 336 ## - CONTENT TYPE | |
| Content type term | still image |
| Source | rdacontent |
| 337 ## - MEDIA TYPE | |
| Media type term | unmediated |
| Source | rdamedia |
| 338 ## - CARRIER TYPE | |
| Carrier type term | volume |
| Source | rdacarrier |
| Lost status | Damaged status | Not for loan | Home library | Current library | Shelving location | Date acquired | Total Checkouts | Full call number | Date last seen | Price effective from | Koha item type |
|---|---|---|---|---|---|---|---|---|---|---|---|
| Not For Loan | London | London | Books | 25/01/2023 | 620.00711 | 25/01/2023 | 25/01/2023 | Book |